00763nam a2200253Ia 4500008004000000020001800040041000800058082001600066100001800082245006200100260004600162300001300208650001200221650001400233650000800247650001400255650001500269650001500284650000800299690001600307906001100323999001900334952015600353210210b2009 xxu||||| |||| 00| 0 eng d a9780195691634 aeng a620.11 JONM aJONES (Ian P) aMaterials science for electrical and electronic engineers aNew DelhibOxford University Pressc2009 axiii,339 ascience aMaterials afor aengineers aelectronic aelectrical aand aEngineering a066747 c149213d149213 001040708ElectronicsaALbALcElectronicsd2021-02-17eIntact Bookhouse Pvt Ltdg285.00l0o620.11 JONMp066747r2021-02-17 00:00:00w2021-02-17yBK